000 01681cam a22002894a 4500
999 _c531947
_d531947
001 16931957
005 20191104171225.0
008 110823s2011 nyua b 001 0 eng
010 _a 2011034731
020 _a9780231702829 (cloth : alk. paper)
020 _a0231702825 (cloth : alk. paper)
020 _a9780231800655 (ebk.)
020 _a0231800657 (ebk.)
040 _cDLC
082 0 0 _a327.549
_bSAM
100 1 _aSamad, Yunas,
_d1951-
_925134
245 1 4 _aThe Pakistan-US conundrum :
_bjihadists, the military and the people : the struggle for control /
_cYunas Samad.
260 _aNew York :
_bColumbia University Press,
_cc2011.
300 _axv, 336 p. :
_bill. ;
_c23 cm.
504 _aIncludes bibliographical references and index.
505 0 _aIslam and the West -- Part 1: War on Terror. A monochromatic world view -- War on Terror and Pakistan : zeroes to heroes -- Operation Enduring Freedom -- Al Qaeda : a transnational social movement -- State building in Afghanistan : past and present -- Part 2: Revenge of history. The Afghan factor -- The Afghan jihad -- Islamisation : the mullah-military alliance -- Emergence of Islamic social movements -- Part 3: Cry for freedom and Pakistan. The struggle for control -- Authoritarian rule and the democratic facade -- Managing ethnic difference -- Cutting the Gordian Knot : the India-Pakistan peace process.
651 0 _aPakistan
_xPolitics and government.
_9206
651 0 _aPakistan
_xForeign relations
_zUnited States.
_913001
651 0 _aUnited States
_xForeign relations
_zPakistan.
_913000
856 4 2 _3Book review (H-Net)
_uhttp://www.h-net.org/reviews/showrev.php?id=37035
942 _2ddc
_cBK